000 00755nam a2200265Ia 4500
003 OSt
005 20221007110823.0
006 a|||||r|||| 00| 0
007 ta
008 221006b |||||||| |||| 00| 0 eng d
020 _a9780275999186
024 _a21,929
037 _cTextual
040 _aLCO
_cLCO
_beng
041 _2eng
_aeng
082 _aG:(R4)OaZ, P9
100 _aSchaller Barry R.
_9707871
245 0 _aUnderstanding Bioethics and the Law
260 _aNew
_bDelhi Pentagon Press India
_c2009
300 _a241
500 _aThe Promises and Perils of the Brave New World of Biotechnology
650 _aBIOETHICS
_9432334
942 _hG:(R4)OaZ, P9
_cTEXL
999 _c1191492
_d1191492